| 000 | 00609nam a22002291c 4500 | ||
|---|---|---|---|
| 001 | a987661739 | ||
| 008 | 080729s1965 gw |||| 000u rus d | ||
| 041 | _arus | ||
| 100 | 1 | _aGolovnin, Valerij M. | |
| 245 | 0 | 0 | _aPutešestvie vokrug sveta, na voennom šljupe "Kamčatka" v 1917, 1818, i 1819 gg. |
| 264 |
_aMoskva : _bMysl', _c1965 |
||
| 300 | _a384 S. | ||
| 600 | 0 | _aGolovnin, Vasilij Michailovič | |
| 650 | 0 | _aWeltreise | |
| 650 | 0 | _aEthnographie | |
| 650 | 0 | _aGeographie | |
| 650 | 0 | _aWissenschaft | |
| 655 | 0 | _aQuellenedition | |
| 942 | _cMG | ||
| 040 | _cRU-10907106 | ||
| 003 | RU-10907106 | ||
| 999 |
_c16278 _d16278 |
||